Memoria explicativa de la actuación de esta corporación durante el ejercicio de 1964 / (Record no. 38563)

MARC details
000 -LEADER
campo de control de longitud fija 00681nam a2200169 i 4500
001 - NÚMERO DE CONTROL
campo de control 38563
003 - IDENTIFICADOR DE NÚMERO DE CONTROL
campo de control ES-MaACL
005 - FECHA Y HORA DE LA ÚLTIMA TRANSACCIÓN
campo de control 20260201162857.0
007 - CAMPO FIJO DE DESCRIPCIÓN FÍSICA--INFORMACIÓN GENERAL
campo de control de longitud fija t|
008 - DATOS DE LONGITUD FIJA--INFORMACIÓN GENERAL
campo de control de longitud fija 030225s1965 sp ||||1| spa d
110 2# - ENTRADA PRINCIPAL--NOMBRE DE ENTIDAD CORPORATIVA
Nombre de entidad corporativa o nombre de jurisdicción como elemento de entrada Cámara Oficial Agrícola de Comercio e Industria de Fernando Poo
9 (RLIN) 2371
245 10 - MENCIÓN DEL TÍTULO
Título Memoria explicativa de la actuación de esta corporación durante el ejercicio de 1964 /
Mención de responsabilidad, etc. Cámara Oficial Agrícola de Comercia e Industria de Fernando Poo.
260 ## - PUBLICACIÓN, DISTRIBUCIÓN, ETC.
Lugar de publicación, distribución, etc. [Santa Isabel :
Nombre del editor, distribuidor, etc. Cámara Oficial Agrícola de Comercio e Industria de Fernando Poo,
Fecha de publicación, distribución, etc. 1965.
300 ## - DESCRIPCIÓN FÍSICA
Extensión 27 h. ;
Dimensiones 34 cm.
852 ## - LOCALIZACIÓN
Ubicación ES-MaACL
Número de control de estantería 2047-F-7
Sublocalización o colección R.59658
Holdings
Estatus retirado Estado de pérdida Estado de daño No para préstamo Colección Biblioteca de origen Biblioteca actual Ubicación en estantería Fecha de adquisición Fuente de adquisición Total de préstamos Signatura topográfica completa Código de barras Visto por última vez Precio de reemplazo Tipo de ítem Koha
        Colección de folletos Biblioteca del Ateneo de Madrid Biblioteca del Ateneo de Madrid Depósito folletos 17/01/2008     2047-F-7 1040597 23/02/2023 23/02/2023 Folleto